| 000 | 00000nam##2200000za#4500 |
| 001 | 9.696758 |
| 003 | CaOODSP |
| 005 | 20210624235158 |
| 007 | cr ||||||||||| |
| 008 | 150407|2005||||xxc|||||o f|0| 0 eng|d |
| 040 | |aCaOODSP|beng |
| 043 | |an-cn--- |
| 086 | 1 |aH174-37/2005E-PDF |
| 110 | 1 |aCanada.|bHealth Council of Canada. |
| 245 | 10|aHealth care renewal in Canada : |h[electronic resource]|baccelerating change |
| 260 | |aToronto - Ontario : |bHealth Council of Canada |cJanuary 2005. |
| 300 | |a97p.|bfigs., graphs, tables |
| 590 | |a12-39-Supp|b2012-10-11 |
| 690 | 07|aHealth care system|2gcpds |
| 690 | 07|aReform|2gcpds |
| 775 | 08|tLe renouvellement des soins de santé au Canada : |w(CaOODSP)9.640866 |
| 856 | 40|ahttp://publications.gc.ca|qPDF|s1.66 MB|uhttps://publications.gc.ca/collections/collection_2012/ccs-hcc/H174-37-2005-eng.pdf |